Влияние капсулирования в матрице [Al2O3/Al] интеометаллидов [ZrFe2] обработанных в водороде, на их свойства в ситезе Фишера-Тропша; Нефтехимия; Т. 43, № 6

Bibliographic Details
Parent link:Нефтехимия: научный журнал/ Российская академия наук (РАН).— , 1963-.— 0028-2421
Т. 43, № 6.— 2003.— С. 417-420
Other Authors: Тихов С. Ф., Куркин В. И., Садыков В. А., Сливинский Е. В., Дятлова Ю. Н., Кузьмин А. Е., Боголепова Е. И., Цыбуля С. В., Калинкин А. В., Мордовин В. П.
Language:Russian
Published: 2003
Subjects:
Format: MixedMaterials Book Chapter
KOHA link:https://koha.lib.tpu.ru/cgi-bin/koha/opac-detail.pl?biblionumber=389798

MARC

LEADER 00000naa2a2200000 4500
001 389798
005 20231101063917.0
035 |a (RuTPU)RU\TPU\prd\22324 
090 |a 389798 
100 |a 20040206a2003 k y0rusy50 ca 
101 0 |a rus 
102 |a RU 
200 1 |a Влияние капсулирования в матрице [Al2O3/Al] интеометаллидов [ZrFe2] обработанных в водороде, на их свойства в ситезе Фишера-Тропша  |f С. Ф. Тихов, В. И. Куркин, В. А. Садыков и др. 
320 |a Библиогр.: 10 назв. 
461 1 |0 (RuTPU)RU\TPU\prd\1600  |x 0028-2421  |t Нефтехимия  |o научный журнал  |f Российская академия наук (РАН)  |d 1963- 
463 1 |0 (RuTPU)RU\TPU\prd\22151  |t Т. 43, № 6  |v С. 417-420  |d 2003 
610 1 |a синтез Фишера-Тропша 
610 1 |a катализаторы 
610 1 |a интерметалид [ZrFe2] 
610 1 |a капсулирование 
610 1 |a матрицы 
610 1 |a гидротермальные условия 
610 1 |a железосодержащие интерметаллиды 
610 1 |a физико-химические свойства 
610 1 |a каталитические свойства 
610 1 |a влияние 
701 1 |a Тихов  |b С. Ф. 
701 1 |a Куркин  |b В. И. 
701 1 |a Садыков  |b В. А. 
701 1 |a Сливинский  |b Е. В. 
701 1 |a Дятлова  |b Ю. Н. 
701 1 |a Кузьмин  |b А. Е. 
701 1 |a Боголепова  |b Е. И. 
701 1 |a Цыбуля  |b С. В. 
701 1 |a Калинкин  |b А. В. 
701 1 |a Мордовин  |b В. П. 
801 1 |a RU  |b 63413507  |c 20040206  |g PSBO 
801 2 |a RU  |b 63413507  |c 20131017  |g RCR 
942 |c BK